| 000 -CABECERA |
| fixed length control field |
02112nam a22003017a 4500 |
| 003 - IDENTIFICADOR DEL NÚMERO DE CONTROL |
| control field |
AR-CdUCM |
| 008 - DATOS DE LONGITUD FIJA--INFORMACIÓN GENERAL |
| fixed length control field |
190515b ||||| |||| 00| 0 spa d |
| 040 ## - FUENTE DE LA CATALOGACIÓN |
| Agencia/entidad que catalogó originalmente la obra |
MUNICIPALIDAD PROVINCIAL DEL CUSCO |
| Entidad que transcribió la catalogación |
BIBLIOTECA MUNICIPAL DEL CUSCO |
| 082 ## - NÚMERO DE LA CLASIFICACIÓN DECIMAL DEWEY |
| No. de Clasificación |
CroniUrbana/N°12/2007 |
| 110 ## - ENTRADA PRINCIPAL--NOMBRE DE ENTIDAD CORPORATIVA |
| Nombre de la institución, jurisdicción como entrada principal |
Centro de Educación y Comunicación Guamán Poma de Ayala |
| 9 (RLIN) |
47233 |
| 245 ## - MENCIÓN DE TÍTULO |
| Título |
Crónicas Urbanas : |
| Resto del título |
análisis y perspectivas urbano regionales / |
| 260 ## - PUBLICACIÓN, DISTRIBUCIÓN, ETC. |
| Lugar de publicación, distribución, etc. |
Cusco : |
| Nombre de la editorial, distribuidor, etc. |
Centro Guamán Poma de Ayala, |
| Fecha de publicación, distribución, etc. |
2007. |
| 300 ## - DESCRIPCIÓN FÍSICA |
| Nº de Páginas Extensión |
131 páginas. : |
| Otros detalles físicos |
ilustraciones ; |
| Dimensiones |
30 cm. |
| 440 ## - MENCIÓN DE SERIE/PUNTO DE ACCESO ADICIONAL--TÍTULO |
| Título |
Revista Crónicas Urbanas. |
| Número de la parte/sección de una obra |
Añño XI, N°12, 2007 |
| 9 (RLIN) |
47248 |
| 505 ## - NOTA DE CONTENIDO CON FORMATO |
| Nota de contenido formateada |
Contenido: Significar desde la periferia experiencias y prácticas de identidad entre migrantes apurimeños en Lima. Silvia Rodríguez Maeso. -- Nuevas tendencias de participación y movilización política indígena en el Perú. Ramón Pajuelo Teves. -- Geopoética de identidad y lo cholo en el Perú migración geográfica y mestiza. Gisela Cánepa. -- La heroicidad en la memoria e identidad nacional. Santiago Alfaro. -- Entre el fuego y la calandria visión del Perú desde la narrativa andina. Luis Nieto Degregori. -- Luis Valllejos, Luis Dalle y la iglesia surandina su recuerdo nos da vida. Luis Jesús López Ribera. -- La educación como herramienta de inclusión. -- Narrativa de modernidad e ideología de diferenciación social, algunos discursos y practicas alrededor de la peregrinación de Quyllurit´i. Guillermo Salas Carreño. -- Warma Khuyay. José María Arguedas. -- Reseña amanecer en el bajo Huatanay del diagnóstico de recursos naturales del Valle de Cusco. Raúl Parra Maza. |
| 650 ## - PUNTO DE ACCESO ADICIONAL DE MATERIA--TÉRMINO DE MATERIA |
| Descriptor |
Política |
| 9 (RLIN) |
291 |
| 650 ## - PUNTO DE ACCESO ADICIONAL DE MATERIA--TÉRMINO DE MATERIA |
| Descriptor |
Desarrollo económico |
| 9 (RLIN) |
1696 |
| 650 ## - PUNTO DE ACCESO ADICIONAL DE MATERIA--TÉRMINO DE MATERIA |
| Descriptor |
Identidad nacional |
| 9 (RLIN) |
3845 |
| 650 ## - PUNTO DE ACCESO ADICIONAL DE MATERIA--TÉRMINO DE MATERIA |
| Descriptor |
Política indígena |
| 9 (RLIN) |
47238 |
| 700 ## - PUNTO DE ACCESO ADICIONAL--NOMBRE DE PERSONA |
| Nombre Personal |
Nieto Degregori, Luis |
| 9 (RLIN) |
6534 |
| 700 ## - PUNTO DE ACCESO ADICIONAL--NOMBRE DE PERSONA |
| Nombre Personal |
Rodríguez Maeso, Silvia |
| 9 (RLIN) |
47249 |
| 700 ## - PUNTO DE ACCESO ADICIONAL--NOMBRE DE PERSONA |
| Nombre Personal |
Pajuelo Teves, Ramón |
| 9 (RLIN) |
12309 |
| 700 ## - PUNTO DE ACCESO ADICIONAL--NOMBRE DE PERSONA |
| Nombre Personal |
Alfaro, Santiago |
| 9 (RLIN) |
47250 |
| 700 ## - PUNTO DE ACCESO ADICIONAL--NOMBRE DE PERSONA |
| Nombre Personal |
López Ribera, Luis Jesús |
| 9 (RLIN) |
47251 |
| 710 ## - PUNTO DE ACCESO ADICIONAL--NOMBRE DE ENTIDAD CORPORATIVA |
| Nombre corporativo (En letras Mayúsculas) |
Centro Guamán Poma de Ayala |
| 9 (RLIN) |
20511 |
| 942 ## - ELEMENTOS DE PUNTO DE ACCESO ADICIONAL (KOHA) |
| Fuente de clasificación |
|
| Tipo de item |
Revistas cusqueñas |
| 945 ## - PROCESAMIENTO DE INFORMACIÓN LOCAL (OCLC) |
| Catalogador |
vhl |